000 00717nam a2200217Ia 4500
003 GCL
008 140319s9999 xx 000 0 ara d
040 _aGCL /
_cGCL
082 0 4 _a822.043
_bه ث
100 1 _aمحمد عنانى
245 1 0 _aثلاثة نصوص من المسرح الانجليزى المعاصر العزلة- الساعة الناطقة- البيت /
_cمحمد عنانى
700 1 _aستوبارد، توم
700 1 _aبنتر، هارولد
700 1 _aستورى، دافيد
260 _a[S.N] :
_bالهيئة المصرية العامة للكتاب ،
_c1994
300 _a259 ص
490 _a
650 0 4 _aالادب
650 0 4 _aالملهاة
942 _2ddc
_cBK
999 _c29618
_d29618